| 000 | 00864nam a22002417i 4500 | ||
|---|---|---|---|
| 999 |
_c22705 _d22705 |
||
| 003 | AR-CdUCM | ||
| 008 | 231003b20142014pe aaaaer|||| 001 0 spa d | ||
| 040 |
_aMUNICIPALIDAD PROVINCIAL DEL CUSCO _cBIBLIOTECA MUNICIPAL DEL CUSCO |
||
| 041 | _hspa | ||
| 082 |
_a530.076 / N29 _bN29 |
||
| 100 |
_aNavarro Nina, César _948913 |
||
| 245 |
_aCiencia Tecnología y Ambiente Física : _bProblemas Resueltos y Propuestos / |
||
| 260 |
_aCusco : _bLARI, _c2014. |
||
| 300 |
_a366 páginas. : _bilustraciones ; _c21 cm. |
||
| 500 | _zBibliografía: página 367 | ||
| 505 | _aMagnitudes físicas -- Análisis vectorial -- Estática -- Hidrostática -- Electrodinámica | ||
| 650 |
_aFísica _92382 |
||
| 650 |
_aAnálisis dimensional _929424 |
||
| 650 |
_aCinemática _93280 |
||
| 650 |
_aDinámica lineal _948914 |
||
| 942 |
_2ddc _cLIBROS |
||
| 945 |
_apebm _d2023-10-03 |
||